000 00285nam a22001337a 4500
008 170223b xxu||||| |||| 00| 0 eng d
020 _a9780071446884
041 _aeng
080 _a617
100 _a5
101 _aSHK
245 _aMANUAL SURGERY
_cBRUNICARDI..F
942 _2udc
_cBK
999 _c6156
_d6156